00486 a2200169 4500003000500000005001700005040000900022082001300031100002900044245005400073260002500127300000800152650002100160942001200181999001900193952010400212Nust20170207153535.0 cNust a891.4391 aTarar, Mustansar Hussain aSiyah Ankh Main Tasweerc Mustansar Hussain Tarar aLahorebSange-e-meel a222 aUrdu Literature 2ddccBK c188190d188190 00102ddc40708NFICaMCSbMCSd2016-12-12l0o891.4391 TARpMCS34194r2016-12-08w2016-12-12yBK